000 00627nam a2200229Ia 4500
005 20260429111905.0
008 260429s9999||||xx |||||||||||||| ||und||
020 _a9783319748535
041 _aEnglish
082 _a610.28
_bKAS
100 _aKasper, Cornelia
245 0 _aCell culture technology /
_cCornelia Kasper
250 _a1st ed.
260 _aSwitzerland :
_bSpringer,
_c2018.
300 _axii, 168p.; pbk
440 _aLearning materials in biosciences
650 _a Biomedical engineering
650 _aCell culture
700 _a Charwat, Verena
700 _a Lavrentieva, Antonina
942 _cTB
999 _c51293
_d51293